00578cam a2200169 a 4500020003100000040000800031082002600039245004200065246004200107246006100149260006000210300002400270500002000294650002800314650003300342650003300375 a9781422189863 (alk. paper) cDLC00a658 HAR 2013 A116 Or.00aHBR's 10 must reads on communication.3 aHBR's ten must reads on communication3 aHarvard business review's 10 must reads on communication aBoston, Mass. :bHarvard Business Review Press,cc2013. av, 190 p. ;c21 cm. aIncludes index. 0aBusiness communication. 0aCommunication in management. 0aInterpersonal communication.